Очерки по геологии Северо-Западного сектора Тихоокеанского тектонического пояса

Λεπτομέρειες βιβλιογραφικής εγγραφής
Συγγραφή απο Οργανισμό/Αρχή: Академия наук СССР (АН СССР) Геологический институт (ГИН)
Άλλοι συγγραφείς: Пущаровский Ю. М. Юрий Михайлович (редактор)
Γλώσσα:Ρωσικά
Έκδοση: Москва, Наука, 1987
Θέματα:
Μορφή: Βιβλίο
KOHA link:https://koha.lib.tpu.ru/cgi-bin/koha/opac-detail.pl?biblionumber=256885

MARC

LEADER 00000nam0a2200000 4500
001 256885
005 20231101233144.0
035 |a (RuTPU)RU\TPU\book\279629 
090 |a 256885 
100 |a 20140411d1987 k y0rusy50 ca 
101 0 |a rus 
102 |a RU 
105 |a a z 001zy 
200 1 |a Очерки по геологии Северо-Западного сектора Тихоокеанского тектонического пояса  |f Академия наук СССР (АН СССР), Геологический институт (ГИН) ; под ред. Ю. М. Пущаровского 
210 |a Москва  |c Наука  |d 1987 
215 |a 280 с.  |c ил. 
320 |a Библиогр.: с. 269-276. 
606 1 |a Геология  |2 stltpush  |3 (RuTPU)RU\TPU\subj\6095  |9 34054 
610 1 |a Тихоокеанский пояс 
610 1 |a тектоника 
610 1 |a меловые отложения 
610 1 |a кайнозойские отложения 
610 1 |a стратиграфия 
610 1 |a литогенез 
610 1 |a океаническая кора 
675 |a 55(5-012)  |v 3 
702 1 |a Пущаровский  |b Ю. М.  |c российский геолог  |f 1916-2018  |g Юрий Михайлович  |2 stltpush  |3 (RuTPU)RU\TPU\pers\11530  |4 340  |9 2720 
712 0 2 |a Академия наук СССР (АН СССР)  |b Геологический институт (ГИН)  |c (Москва)  |2 stltpush  |3 (RuTPU)RU\TPU\col\11354 
801 1 |a RU  |b 63413507  |c 20140411 
801 2 |a RU  |b 63413507  |c 20220228  |g RCR 
942 |c BK